000 00980nam a2200265 a 4500
001 BRL_522
005 20190320210801.0
008 270813s1949----cn-ab#####---#000-0#eng-#
041 _aeng
044 _acn
050 4 _aF1432
_b.L56 1949
100 1 _aLloyd Stephens, John
_d1805-1852
_924183
245 1 0 _aIncidents of Travel in Central America, Chiapas, and Yucatan
_cby John L. Stephens, Esq.; Edited with an introduction and notes by Richard L. Predmore
260 _aNew Brunswick
_bRutgers University Press
_c1949
300 _a2 v.
_bil., mapas (en papel de revestimiento)
_c1949
500 _aAu591, Au469
650 1 4 _aAmérica Central
_xDescripción y viajes
_924184
650 1 4 _aMayas
_xAntigüedades
_99555
651 4 _aYucatán, México
_xDescripción y viajes
_924185
651 4 _aChiapas, México
_xDescripción y viajes
_94604
651 4 _aAmérica Central
_xAntigüedades
_923855
700 1 _aL. Predmore, Richard
_924186
902 _aGRL
942 _2lcc
_cB
999 _c9334
_d9334